00505 a2200169 4500020003100000040001300031082001000044082001000054082001000064100001900074245010700093260003900200300001100239650002200250650004100272700002200313 a0-8493-1868-8 (alk. paper) aDLCbDLC a005.8 a005.8 a005.81 aFisch, Eric A.00aSecure computers and networks : analysis, design, and implementation cEric A. Fisch, Gregory B. White aBoca Raton, FL :bCRC Press,c2000 a370 s. 0aComputer security 0aComputer networksxSecurity measures1 aWhite, Gregory B.